[Event "ch-USA 2021"]
[Site "Saint Louis USA"]
[Date "2021.10.13"]
[Round "7.4"]
[White "Bruzon Batista, Lazaro"]
[Black "Sevian, Samuel"]
[Result "0-1"]
[WhiteTitle "GM"]
[BlackTitle "GM"]
[WhiteElo "2645"]
[BlackElo "2654"]
[WhiteFideId "3503739"]
[BlackFideId "2040506"]
[EventDate "2021.10.06"]

1. Nf3 d5 2. g3 Nf6 3. Bg2 c5 4. c4 d4 5. e3 Nc6 6. exd4 cxd4 7. O-O e6 8. d3
Bd6 9. Na3 O-O 10. Nc2 e5 11. b4 Re8 12. c5 Bc7 13. Re1 e4 14. dxe4 d3 15. Na3
Bg4 16. h3 Bxf3 17. Bxf3 Nxb4 18. Rb1 a5 19. Kg2 Nd7 20. Be3 Ne5 21. Rb3 Nxa2
22. Kh2 a4 0-1

[Event "ch-USA 2021"]
[Site "Saint Louis USA"]
[Date "2021.10.13"]
[Round "7.5"]
[White "Lenderman, Aleksandr"]
[Black "Xiong, Jeffery"]
[Result "1/2-1/2"]
[WhiteTitle "GM"]
[BlackTitle "GM"]
[WhiteElo "2607"]
[BlackElo "2700"]
[WhiteFideId "2021285"]
[BlackFideId "2047640"]
[EventDate "2021.10.06"]

1. d4 Nf6 2. c4 e6 3. Nc3 d5 4. cxd5 exd5 5. Bg5 c6 6. e3 Bd6 7. Bd3 O-O 8. Qc2
h6 9. Bh4 Re8 10. Nge2 a5 11. h3 Na6 12. a3 Nc7 13. O-O Bd7 14. Rae1 Be7 15. Bg3
Rc8 16. Be5 Be6 17. Nf4 Bd6 18. Bxd6 Qxd6 19. Na4 Rb8 20. Rc1 Ne4 21. Rfe1 Bd7
22. f3 Nf6 23. Qc5 Qxc5 24. Nxc5 Bc8 25. Bf1 Re7 26. Na4 Bf5 27. g4 g5 28. gxf5
gxf4 29. exf4 Rxe1 30. Rxe1 Re8 31. Rc1 Nd7 32. Kf2 Kg7 33. Bd3 Ra8 34. Nc3 Nf6
35. Na4 Nd7 36. Nc3 Nf6 37. Na4 Nd7 38. Nc3 1/2-1/2

[Event "ch-USA 2021"]
[Site "Saint Louis USA"]
[Date "2021.10.13"]
[Round "7.6"]
[White "Burke, John M"]
[Black "So, Wesley"]
[Result "0-1"]
[WhiteTitle "GM"]
[BlackTitle "GM"]
[WhiteElo "2554"]
[BlackElo "2778"]
[WhiteFideId "2070901"]
[BlackFideId "5202213"]
[EventDate "2021.10.06"]

1. e4 e5 2. Nf3 Nc6 3. Bb5 Nf6 4. d3 Bc5 5. c3 O-O 6. O-O Re8 7. Nbd2 a6 8. Ba4
d5 9. d4 exd4 10. cxd4 Ba7 11. e5 Ne4 12. Bxc6 bxc6 13. Qc2 Bf5 14. Qxc6 Re6 15.
Qa4 c5 16. dxc5 Nxc5 17. Qf4 Bd3 18. b4 Ne4 19. Nxe4 dxe4 20. Ng5 Re7 21. Bb2 e3
22. fxe3 Bxf1 23. Rxf1 Qd3 24. Bd4 Bxd4 25. exd4 Rd8 26. Nf3 Qc3 27. h4 Qxb4 28.
h5 h6 29. g4 Rb7 30. Qe4 Rb6 31. Qc2 Rdb8 32. Rd1 Qa3 33. Rd3 Rb2 34. Rxa3 Rxc2 0-1

[Event "ch-USA 2021"]
[Site "Saint Louis USA"]
[Date "2021.10.14"]
[Round "8.1"]
[White "Xiong, Jeffery"]
[Black "Caruana, Fabiano"]
[Result "1/2-1/2"]
[WhiteTitle "GM"]
[BlackTitle "GM"]
[WhiteElo "2700"]
[BlackElo "2800"]
[WhiteFideId "2047640"]
[BlackFideId "2020009"]
[EventDate "2021.10.06"]

1. Nf3 d5 2. d4 Nf6 3. c4 e6 4. Nc3 Bb4 5. Qa4+ Nc6 6. e3 O-O 7. Bd2 dxc4 8.
Bxc4 Bd6 9. Qc2 e5 10. dxe5 Nxe5 11. Nxe5 Bxe5 12. f4 Bxc3 13. Bxc3 g6 14. e4
Re8 15. Bd3 Nxe4 16. Bxe4 Bf5 17. Be5 Bxe4 18. Qxe4 f6 19. O-O fxe5 20. fxe5 Qe7
21. Qxb7 Qxe5 22. b3 a5 23. Rac1 c5 24. Qb5 a4 25. Qc4+ Qe6 26. bxa4 Qxc4 27.
Rxc4 Re2 28. Rf2 Re1+ 29. Rf1 Re2 30. a3 Re3 31. Rf3 Rxf3 32. gxf3 Kf7 33. Rxc5
Rxa4 34. Rc3 Kf6 35. Kf2 g5 36. Ke3 Rh4 37. Rc2 Ra4 38. Rc3 Rh4 39. Rc2 Ra4 40.
Rc3 Rh4 1/2-1/2

[Event "ch-USA 2021"]
[Site "Saint Louis USA"]
[Date "2021.10.14"]
[Round "8.2"]
[White "Sevian, Samuel"]
[Black "Dominguez Perez, Leinier"]
[Result "1/2-1/2"]
[WhiteTitle "GM"]
[BlackTitle "GM"]
[WhiteElo "2654"]
[BlackElo "2760"]
[WhiteFideId "2040506"]
[BlackFideId "3503240"]
[EventDate "2021.10.06"]

1. e4 e5 2. Nf3 Nf6 3. d4 Nxe4 4. Bd3 d5 5. Nxe5 Nd7 6. Nc3 Nxc3 7. bxc3 Bd6 8.
O-O O-O 9. Re1 c5 10. Nxd7 Qxd7 11. dxc5 Bxc5 12. Qh5 h6 13. Be3 Bxe3 14. Rxe3
Qd6 15. Qh4 Bd7 16. Qd4 Rfe8 17. Rxe8+ Bxe8 18. c4 Bc6 19. Be4 Qb4 20. Bxd5 Bxd5
21. Qxd5 Rc8 22. a3 Qc3 23. Rb1 b6 24. Qd7 Qxc4 25. Qxa7 Qxc2 26. Re1 Qc3 27.
Kf1 Qd3+ 28. Kg1 Qd2 29. Rf1 Qa5 30. Qe7 Ra8 31. Qb7 Qa6 32. Qxa6 Rxa6 33. Ra1
Kf8 34. Kf1 Ke7 35. Ke2 Kd6 36. Rd1+ Kc6 37. Rc1+ Kd6 38. Rd1+ Kc6 39. Rc1+ Kd6
40. Rd1+ 1/2-1/2

[Event "ch-USA 2021"]
[Site "Saint Louis USA"]
[Date "2021.10.14"]
[Round "8.3"]
[White "Shankland, Sam"]
[Black "So, Wesley"]
[Result "1/2-1/2"]
[WhiteTitle "GM"]
[BlackTitle "GM"]
[WhiteElo "2714"]
[BlackElo "2778"]
[WhiteFideId "2004887"]
[BlackFideId "5202213"]
[EventDate "2021.10.06"]

1. e4 e5 2. Nf3 Nc6 3. Bb5 Nf6 4. O-O Nxe4 5. d4 Nd6 6. Bxc6 dxc6 7. dxe5 Nf5 8.
Qxd8+ Kxd8 9. Nc3 Be7 10. Rd1+ Ke8 11. g4 Nh4 12. Nxh4 Bxh4 13. f3 h5 14. h3
hxg4 15. hxg4 f6 16. exf6 gxf6 17. Bf4 f5 18. g5 Rh5 19. Ne2 Be6 20. Kg2 Kf7 21.
Ng3 Bxg3 22. Kxg3 Rah8 23. Kf2 Rh4 24. Bxc7 f4 25. Rg1 Kg6 26. Rad1 Rh2+ 27. Rg2
Rxg2+ 28. Kxg2 Kxg5 29. Rd4 Bxa2 30. Bxf4+ Kf5 31. Bg3 Bd5 32. Rf4+ Kg6 33. Rg4+
Kf7 34. Rh4 Rxh4 35. Bxh4 b5 36. b4 Ke6 37. Bf2 a6 38. Bd4 Ba2 39. Kf2 Bd5 40.
Kg2 Bc4 41. Kf2 Bd5 42. Kg2 1/2-1/2

[Event "ch-USA 2021"]
[Site "Saint Louis USA"]
[Date "2021.10.14"]
[Round "8.4"]
[White "Swiercz, Dariusz"]
[Black "Lenderman, Aleksandr"]
[Result "1/2-1/2"]
[WhiteTitle "GM"]
[BlackTitle "GM"]
[WhiteElo "2647"]
[BlackElo "2607"]
[WhiteFideId "1126881"]
[BlackFideId "2021285"]
[EventDate "2021.10.06"]

1. e4 c5 2. Nf3 Nc6 3. Bb5 g6 4. Bxc6 bxc6 5. O-O Bg7 6. Re1 Qc7 7. d3 e5 8. c3
Nf6 9. d4 cxd4 10. cxd4 exd4 11. Qxd4 O-O 12. Nc3 Qb6 13. e5 Qxd4 14. Nxd4 Ng4
15. Bf4 f6 16. e6 dxe6 17. Nxe6 Bxe6 18. Rxe6 g5 19. Bd6 Rfe8 20. Rae1 Rxe6 21.
Rxe6 f5 22. h3 Nf6 23. Be7 Kf7 24. Bxf6 Bxf6 25. Rxc6 Rd8 26. g4 Bxc3 27. Rxc3
fxg4 28. hxg4 Rd2 29. Rc7+ Kg6 30. Rb7 a5 31. Rb6+ Kf7 32. Rb5 Kf6 33. Kg2 a4
34. a3 Rd4 35. Kf3 Rf4+ 36. Kg3 Rd4 37. Rb6+ Kf7 38. Rb7+ Kg6 39. Rb6+ Kf7 40.
Rb7+ Kg6 41. Rb4 Rd3+ 42. Kg2 Rd2 43. Kf3 Rc2 44. Ke3 h6 45. f3 Kg7 46. Rxa4
Rxb2 47. Rb4 Ra2 48. Rb3 h5 49. gxh5 Kh6 50. Kd4 Kxh5 51. Kc5 g4 52. fxg4+ Kxg4
53. Kb4 Kf4 54. Rh3 Ke5 55. Rh6 Kd5 56. a4 Rb2+ 57. Ka5 Kc5 58. Ka6 Rb8 59. Ka7
Rg8 60. a5 Rg7+ 61. Ka6 Rg8 62. Kb7 Rg7+ 63. Ka6 Rg8 64. Rh7 Ra8+ 65. Ra7 Rxa7+
66. Kxa7 Kc6 67. a6 Kc7 68. Ka8 Kb6 69. a7 Kc7 1/2-1/2

[Event "ch-USA 2021"]
[Site "Saint Louis USA"]
[Date "2021.10.14"]
[Round "8.5"]
[White "Robson, Ray"]
[Black "Bruzon Batista, Lazaro"]
[Result "1/2-1/2"]
[WhiteTitle "GM"]
[BlackTitle "GM"]
[WhiteElo "2669"]
[BlackElo "2645"]
[WhiteFideId "2023970"]
[BlackFideId "3503739"]
[EventDate "2021.10.06"]

1. e4 e5 2. Nf3 Nf6 3. Nxe5 d6 4. Nf3 Nxe4 5. d4 d5 6. Bd3 Be7 7. O-O Bf5 8. Re1
Nc6 9. Nbd2 Nxd2 10. Qxd2 Bxd3 11. Qxd3 O-O 12. c3 a6 13. Bf4 Bd6 14. Ng5 g6 15.
Qh3 h5 16. Qg3 Bxf4 17. Qxf4 Qd7 18. h4 Rae8 19. Nh3 Ne7 20. Qg5 Nf5 21. Nf4 Qd8
22. Qxd8 Rxd8 23. Re5 c6 24. g3 Nd6 25. Rae1 Rfe8 26. f3 Kf8 27. Kf2 Nc4 28.
R5e2 Rxe2+ 29. Rxe2 Re8 30. Nd3 Rxe2+ 31. Kxe2 a5 32. Nc5 Nd6 33. g4 Ke7 34. b4
b6 35. Nd3 f6 36. bxa5 bxa5 37. gxh5 gxh5 38. Nf4 Nf5 39. Nxh5 Nxh4 40. Nf4 Nf5
41. Nd3 Nd6 42. Nc5 Nc4 43. Kd3 Kd6 44. Kc2 Kc7 45. Kd3 Kd6 46. Kc2 Kc7 47. Kd3
Kd6 1/2-1/2

[Event "ch-USA 2021"]
[Site "Saint Louis USA"]
[Date "2021.10.14"]
[Round "8.6"]
[White "Naroditsky, Daniel"]
[Black "Burke, John M"]
[Result "1/2-1/2"]
[WhiteTitle "GM"]
[BlackTitle "GM"]
[WhiteElo "2623"]
[BlackElo "2554"]
[WhiteFideId "2026961"]
[BlackFideId "2070901"]
[EventDate "2021.10.06"]

1. Nf3 Nf6 2. c4 c5 3. Nc3 e6 4. e3 Nc6 5. d4 d5 6. cxd5 Nxd5 7. Bd3 Be7 8. O-O
O-O 9. Nxd5 Qxd5 10. Qc2 Qh5 11. Be2 Qg6 12. Bd3 Qh5 13. Be4 cxd4 14. Nxd4 Bd6
15. f4 Bd7 16. Qd1 Qxd1 17. Rxd1 Rfd8 18. Nxc6 Bxc6 19. Bxc6 bxc6 20. Kf2 Bb4
21. Rxd8+ Rxd8 22. a3 Be7 23. Ke2 Bf6 24. Rb1 c5 25. b3 Kf8 26. Bd2 Rb8 27. Kd3
Rd8+ 28. Ke2 Rb8 29. e4 Ke8 30. Be3 Be7 31. Kd3 Kd7 32. Kc4 Kc6 33. Rd1 a5 34.
Rd2 a4 35. bxa4 Ra8 36. Kb3 Rb8+ 37. Kc4 Ra8 38. Kb3 Rb8+ 39. Kc4 1/2-1/2

[Event "ch-USA 2021"]
[Site "Saint Louis USA"]
[Date "2021.10.16"]
[Round "9.1"]
[White "Dominguez Perez, Leinier"]
[Black "Robson, Ray"]
[Result "1/2-1/2"]
[WhiteTitle "GM"]
[BlackTitle "GM"]
[WhiteElo "2760"]
[BlackElo "2669"]
[WhiteFideId "3503240"]
[BlackFideId "2023970"]
[EventDate "2021.10.06"]

1. e4 e5 2. Nf3 Nc6 3. Bc4 Nf6 4. d3 Bc5 5. c3 O-O 6. a4 a6 7. Bg5 h6 8. Bh4 g5
9. Bg3 d6 10. Nbd2 Ba7 11. h4 g4 12. Nh2 Kg7 13. Qe2 Qd7 14. Nhf1 Nh5 15. Ne3
Bxe3 16. Qxe3 Ne7 17. f4 f5 18. O-O Ng6 19. exf5 Ngxf4 20. Bxf4 exf4 21. Qd4+
Kh7 22. f6 Qf5 23. Rae1 Qxf6 24. Qxf6 Rxf6 25. Re7+ Kg6 26. Ne4 Rf8 27. Rxc7 b5
28. Bd5 Rb8 29. Nxd6 Ng3 30. Re1 bxa4 31. Bf7+ Kf6 32. Ne8+ Rxe8 33. Bxe8 Be6
34. Bd7 Bxd7 35. Rxd7 Rxb2 36. Rd6+ Kf5 37. Rd5+ Kf6 38. Rd6+ Kf5 39. Rd5+ Kf6
40. Rd6+ Kf5 1/2-1/2

[Event "ch-USA 2021"]
[Site "Saint Louis USA"]
[Date "2021.10.16"]
[Round "9.2"]
[White "Lenderman, Aleksandr"]
[Black "Shankland, Sam"]
[Result "1/2-1/2"]
[WhiteTitle "GM"]
[BlackTitle "GM"]
[WhiteElo "2607"]
[BlackElo "2714"]
[WhiteFideId "2021285"]
[BlackFideId "2004887"]
[EventDate "2021.10.06"]

1. d4 Nf6 2. c4 g6 3. g3 Bg7 4. Bg2 O-O 5. Nc3 Nc6 6. Nf3 d5 7. cxd5 Nxd5 8. O-O
Nb6 9. e3 e5 10. d5 e4 11. dxc6 Qxd1 12. Rxd1 exf3 13. Bxf3 bxc6 14. Bxc6 Rb8
15. Nd5 Bg4 16. f3 Be6 17. e4 Nc4 18. Nxc7 Bh3 19. Bb5 Na3 20. Ba4 Bxb2 21. Bxb2
Rxb2 22. Bb3 Rg2+ 23. Kh1 Rf2 24. Rd3 Nc4 25. Bxc4 Rc8 26. Bxf7+ Kxf7 27. Rc3
Rb8 28. Nd5 Rbb2 29. Rc7+ Ke8 30. Nf4 Bd7 31. Rd1 Ba4 32. Rc8+ Ke7 33. Rc7+ Ke8
34. Rdc1 Bd7 35. h4 Rxf3 36. e5 Bf5 37. Rxa7 Rxg3 38. Ra8+ Kd7 39. Ra7+ Ke8 40.
Ra8+ Kd7 41. Ra7+ Ke8 1/2-1/2

[Event "ch-USA 2021"]
[Site "Saint Louis USA"]
[Date "2021.10.16"]
[Round "9.3"]
[White "Caruana, Fabiano"]
[Black "Swiercz, Dariusz"]
[Result "1-0"]
[WhiteTitle "GM"]
[BlackTitle "GM"]
[WhiteElo "2800"]
[BlackElo "2647"]
[WhiteFideId "2020009"]
[BlackFideId "1126881"]
[EventDate "2021.10.06"]

1. c4 Nf6 2. Nc3 e5 3. Nf3 Nc6 4. g3 Bb4 5. Bg2 O-O 6. Nd5 Bc5 7. b4 Nxb4 8.
Nxb4 Bxb4 9. Nxe5 Re8 10. Nd3 Ba5 11. O-O c6 12. e3 d6 13. Nf4 Bf5 14. Bb2 Be4
15. Bh3 Rb8 16. d3 Bg6 17. Bg2 Bc7 18. a4 a6 19. e4 d5 20. cxd5 cxd5 21. Bxf6
Qxf6 22. Nxd5 Qd8 23. h4 f6 24. Rc1 Bd6 25. Ne3 b5 26. axb5 axb5 27. Qg4 Bf8 28.
Rfd1 b4 29. d4 b3 30. h5 Bf7 31. d5 Kh8 32. Rb1 Bc5 33. Nf5 Rg8 34. Qf3 Rb4 35.
h6 g6 36. Ng7 b2 37. e5 Bd4 38. e6 Be8 39. Rxd4 Rxd4 40. Rxb2 Ba4 41. Rb7 f5 42.
Nxf5 Rd1+ 43. Kh2 Qf6 44. Nd6 1-0

[Event "ch-USA 2021"]
[Site "Saint Louis USA"]
[Date "2021.10.16"]
[Round "9.4"]
[White "So, Wesley"]
[Black "Naroditsky, Daniel"]
[Result "1/2-1/2"]
[WhiteTitle "GM"]
[BlackTitle "GM"]
[WhiteElo "2778"]
[BlackElo "2623"]
[WhiteFideId "5202213"]
[BlackFideId "2026961"]
[EventDate "2021.10.06"]

1. e4 e5 2. Nf3 Nc6 3. Bc4 Nf6 4. d3 h6 5. c3 g5 6. d4 d6 7. dxe5 dxe5 8. Qe2
Bd6 9. h4 g4 10. Nh2 Qe7 11. Nf1 Nh5 12. Ne3 Nf4 13. Qf1 Be6 14. g3 O-O-O 15.
Nd5 Bxd5 16. exd5 Na5 17. gxf4 exf4+ 18. Kd1 Nxc4 19. Qxc4 g3 20. fxg3 fxg3 21.
Re1 Qf6 22. Nd2 Kb8 23. Ne4 Qf5 24. Be3 Rhe8 25. Nxd6 Rxd6 26. Bxa7+ Kxa7 27.
Qa4+ Kb6 28. Qb4+ Ka6 29. Qa4+ Kb6 30. Qb3+ Ka7 31. Qa4+ Kb6 1/2-1/2

[Event "ch-USA 2021"]
[Site "Saint Louis USA"]
[Date "2021.10.16"]
[Round "9.5"]
[White "Burke, John M"]
[Black "Sevian, Samuel"]
[Result "1/2-1/2"]
[WhiteTitle "GM"]
[BlackTitle "GM"]
[WhiteElo "2554"]
[BlackElo "2654"]
[WhiteFideId "2070901"]
[BlackFideId "2040506"]
[EventDate "2021.10.06"]

1. e4 e5 2. Nf3 Nc6 3. Bc4 Bc5 4. O-O Nf6 5. d3 d6 6. c3 a6 7. Bb3 O-O 8. h3 h6
9. Re1 Re8 10. Nbd2 Be6 11. Bxe6 Rxe6 12. b4 Ba7 13. Qc2 Ne7 14. Nf1 Ng6 15. Be3
Bxe3 16. Nxe3 c6 17. c4 d5 18. Rad1 d4 19. Nf5 a5 20. a3 axb4 21. axb4 Ra3 22.
Ra1 Rc3 23. Qd2 Nf4 24. Nxe5 N6h5 25. g3 Nxh3+ 26. Kg2 Nxf2 27. Nxf7 Kxf7 28.
Qxf2 Kg8 29. Rh1 Nf6 30. Rhd1 Ng4 31. Qxd4 Qxd4 32. Nxd4 Rd6 33. Nf5 Rdxd3 34.
Rxd3 Rxd3 35. Ra8+ Kf7 36. Rb8 g6 37. Rxb7+ Kf6 38. Ne7 Rd2+ 39. Kg1 Ne5 40.
Nxc6 Nf3+ 41. Kf1 Nh2+ 42. Ke1 Nf3+ 43. Kf1 Nh2+ 44. Ke1 Nf3+ 45. Kf1 1/2-1/2

[Event "ch-USA 2021"]
[Site "Saint Louis USA"]
[Date "2021.10.16"]
[Round "9.6"]
[White "Bruzon Batista, Lazaro"]
[Black "Xiong, Jeffery"]
[Result "0-1"]
[WhiteTitle "GM"]
[BlackTitle "GM"]
[WhiteElo "2645"]
[BlackElo "2700"]
[WhiteFideId "3503739"]
[BlackFideId "2047640"]
[EventDate "2021.10.06"]

1. e4 e6 2. d4 d5 3. Nd2 c5 4. exd5 Qxd5 5. dxc5 Qxc5 6. Ngf3 Nf6 7. Bd3 Nbd7 8.
O-O Qc7 9. a4 Be7 10. Nb3 O-O 11. a5 Nd5 12. c3 Rd8 13. Re1 a6 14. Qc2 N7f6 15.
Nbd4 h6 16. Bf1 Bd7 17. g3 Bc5 18. Nb3 Ba7 19. Ne5 Nb4 20. Qb1 Nc6 21. Nxd7 Rxd7
22. Bf4 Qd8 23. Be3 Bxe3 24. Rxe3 Ng4 25. Re2 Qg5 26. h3 Nge5 27. Re3 Ng6 28.
Qe4 Rd5 29. h4 Qf6 30. Bg2 Rad8 31. Qc2 R5d6 32. Re2 Nge5 33. Nc5 Nf3+ 34. Bxf3
Qxf3 35. Nxb7 Nd4 36. cxd4 Qxb7 37. Rd2 Qd5 38. b4 e5 39. Qd3 Qb7 40. Qb3 exd4
41. Rb1 g5 42. hxg5 hxg5 43. b5 Re8 44. Qd1 Qe4 45. f3 Qe5 46. Kg2 axb5 47. Rdb2
Rh6 48. Rxb5 Qh8 49. Rxg5+ Kf8 50. g4 Rh2+ 51. Kg3 Rh3+ 52. Kg2 Qh4 0-1

[Event "ch-USA 2021"]
[Site "Saint Louis USA"]
[Date "2021.10.17"]
[Round "10.1"]
[White "Swiercz, Dariusz"]
[Black "Bruzon Batista, Lazaro"]
[Result "1-0"]
[WhiteTitle "GM"]
[BlackTitle "GM"]
[WhiteElo "2647"]
[BlackElo "2645"]
[WhiteFideId "1126881"]
[BlackFideId "3503739"]
[EventDate "2021.10.06"]

1. d4 Nf6 2. c4 e6 3. Nf3 d5 4. Nc3 Be7 5. Bf4 O-O 6. e3 Nbd7 7. c5 Ne4 8. h4 f5
9. Be2 c6 10. Qc2 Qe8 11. Ne5 Bf6 12. Nxd7 Bxd7 13. f3 Nxc3 14. Qxc3 Rf7 15. Bd6
Qd8 16. h5 b6 17. f4 Be8 18. g4 Rd7 19. g5 Be7 20. Bxe7 Rxe7 21. Ba6 Rb8 22. b4
Rc7 23. h6 g6 24. Kf2 b5 25. a4 Qe7 26. Qd3 Bd7 27. Rhc1 Qe8 28. Ra3 Kf8 29. Qc2
Qe7 30. Qe2 Be8 31. Rc2 Bd7 32. Qf1 Be8 33. Qc1 Qd7 34. Rac3 Qe7 35. Qa3 Qd8 36.
axb5 cxb5 37. c6 Rb6 38. Bb7 Qb8 39. Qa5 Ke7 40. Rc5 Kf8 41. Rxb5 Rcxb7 42. cxb7 1-0

[Event "ch-USA 2021"]
[Site "Saint Louis USA"]
[Date "2021.10.17"]
[Round "10.2"]
[White "Sevian, Samuel"]
[Black "So, Wesley"]
[Result "1/2-1/2"]
[WhiteTitle "GM"]
[BlackTitle "GM"]
[WhiteElo "2654"]
[BlackElo "2778"]
[WhiteFideId "2040506"]
[BlackFideId "5202213"]
[EventDate "2021.10.06"]

1. d4 Nf6 2. Nf3 d5 3. Bf4 c5 4. e3 e6 5. c3 Bd6 6. Bb5+ Nc6 7. Bxc6+ bxc6 8.
Bxd6 Qxd6 9. Qa4 O-O 10. Qa3 Ne4 11. Nfd2 e5 12. Nxe4 dxe4 13. Qxc5 Qg6 14. Nd2
exd4 15. Qxd4 Re8 16. O-O-O Ba6 17. c4 Qe6 18. Qc5 Rad8 19. b3 Bc8 20. Nb1 Qf6
21. Qa5 h5 22. Rd2 Rxd2 23. Qxd2 Qg5 24. Rg1 Qe5 25. h3 Qh2 26. Qd1 Qe5 27. Qd4
Qh2 28. Qd1 Qe5 29. Qd4 Qh2 30. Qd1 1/2-1/2

[Event "ch-USA 2021"]
[Site "Saint Louis USA"]
[Date "2021.10.17"]
[Round "10.3"]
[White "Robson, Ray"]
[Black "Burke, John M"]
[Result "1/2-1/2"]
[WhiteTitle "GM"]
[BlackTitle "GM"]
[WhiteElo "2669"]
[BlackElo "2554"]
[WhiteFideId "2023970"]
[BlackFideId "2070901"]
[EventDate "2021.10.06"]

1. e4 e5 2. Nf3 Nc6 3. Bb5 a6 4. Ba4 Nf6 5. O-O Be7 6. d3 b5 7. Bb3 d6 8. c3 O-O
9. h3 Bb7 10. Nbd2 Na5 11. Bc2 c5 12. Re1 Re8 13. Nf1 h6 14. Ng3 Bf8 15. d4 cxd4
16. cxd4 exd4 17. Nxd4 Qc7 18. Bf4 Nc4 19. Ndf5 Nxb2 20. Qc1 Nc4 21. Bxh6 gxh6
22. Nxh6+ Bxh6 23. Qxh6 Re6 24. Nf5 Ne8 25. Qg5+ Kf8 26. Qh4 Rg6 27. Qh8+ Rg8
28. Qh6+ Ng7 29. Bb3 Re8 30. Bxc4 bxc4 31. Qxd6+ Qxd6 32. Nxd6 Re7 33. Rab1 Bc6
34. Rb6 Bb5 35. a4 Bxa4 36. Rxa6 Bb3 37. Rc6 Re6 38. Rc8+ Ne8 39. Nxc4 Bxc4 40.
Rxc4 Rg5 41. Re3 Nd6 42. Rd4 Rc5 43. g4 Rc4 44. Rxc4 Nxc4 45. Re2 Nd6 46. f3 f5
47. e5 fxg4 48. hxg4 Nf7 49. f4 Rg6 50. Rg2 Re6 51. Re2 Rg6 52. Rg2 Re6 53. Re2
Rg6 54. Rg2 1/2-1/2

[Event "ch-USA 2021"]
[Site "Saint Louis USA"]
[Date "2021.10.17"]
[Round "10.4"]
[White "Lenderman, Aleksandr"]
[Black "Caruana, Fabiano"]
[Result "0-1"]
[WhiteTitle "GM"]
[BlackTitle "GM"]
[WhiteElo "2607"]
[BlackElo "2800"]
[WhiteFideId "2021285"]
[BlackFideId "2020009"]
[EventDate "2021.10.06"]

1. d4 Nf6 2. c4 g6 3. g3 Bg7 4. Bg2 d6 5. Nc3 O-O 6. Nf3 c6 7. O-O Bf5 8. Ng5 e5
9. d5 a5 10. e4 Bc8 11. h3 cxd5 12. cxd5 Na6 13. Be3 Bd7 14. a4 Rc8 15. Nf3 Rxc3
16. bxc3 Nxe4 17. Qc2 Nec5 18. Nd2 Qc7 19. Ra3 f5 20. f4 Re8 21. fxe5 Bxe5 22.
Bf2 b5 23. axb5 Bxb5 24. Rfa1 Nd3 25. Qb1 Nab4 26. Rxa5 Qxc3 27. Be3 Bd4 28.
Bxd4 Qxd4+ 29. Kh2 f4 30. g4 Re2 31. Ra8+ Be8 32. Qg1 Qb2 33. Nf3 Kf8 34. R1a7
h6 35. Rb7 Ne5 36. Kh1 Nxf3 37. Bxf3 Re5 38. Rc8 Qd2 39. Rc1 Re3 40. Rf1 Nd3 41.
Qg2 Qc3 42. Qh2 g5 43. Bg2 Ne5 44. Rbb1 Bf7 45. Rbc1 Qd4 46. Rcd1 Nd3 47. Rd2
Kg7 48. h4 Qc4 49. Rfd1 Ne5 50. hxg5 hxg5 51. Rd4 Qc3 52. Qg1 Nxg4 53. R1d2 Qc8
54. Qa1 Qh8+ 55. Kg1 Qh2+ 56. Kf1 Rf3+ 57. Bxf3 Ne3+ 58. Ke1 Qg1+ 59. Ke2 Qxa1 0-1

[Event "ch-USA 2021"]
[Site "Saint Louis USA"]
[Date "2021.10.17"]
[Round "10.5"]
[White "Xiong, Jeffery"]
[Black "Dominguez Perez, Leinier"]
[Result "1/2-1/2"]
[WhiteTitle "GM"]
[BlackTitle "GM"]
[WhiteElo "2700"]
[BlackElo "2760"]
[WhiteFideId "2047640"]
[BlackFideId "3503240"]
[EventDate "2021.10.06"]

1. d4 d5 2. c4 dxc4 3. Nf3 Nf6 4. e3 e6 5. Bxc4 a6 6. O-O c5 7. b3 cxd4 8. Nxd4
Be7 9. Bb2 O-O 10. Nd2 b5 11. Be2 Bb7 12. Rc1 Qd7 13. N2f3 Bd6 14. a4 bxa4 15.
bxa4 Rd8 16. a5 Qe8 17. Qb3 Bd5 18. Bc4 Nc6 19. Nxc6 Bxc6 20. Bxf6 gxf6 21. Nd4
Be4 22. Qb2 Be5 23. Qe2 Bxd4 24. exd4 Rxd4 25. Qg4+ Kf8 26. Rfe1 Qa4 27. Bxe6
Bd5 28. Qf5 Bxe6 29. Qxf6 Kg8 30. Qg5+ Kf8 31. Qh6+ Kg8 32. Qg5+ Kf8 33. Qh6+
Kg8 34. Qg5+ Kf8 1/2-1/2

[Event "ch-USA 2021"]
[Site "Saint Louis USA"]
[Date "2021.10.17"]
[Round "10.6"]
[White "Shankland, Sam"]
[Black "Naroditsky, Daniel"]
[Result "1-0"]
[WhiteTitle "GM"]
[BlackTitle "GM"]
[WhiteElo "2714"]
[BlackElo "2623"]
[WhiteFideId "2004887"]
[BlackFideId "2026961"]
[EventDate "2021.10.06"]

1. d4 Nf6 2. c4 e6 3. Nc3 Bb4 4. Nf3 b6 5. e3 Bb7 6. Bd3 c5 7. O-O cxd4 8. exd4
O-O 9. Na4 Be7 10. a3 d6 11. b4 Nbd7 12. Bb2 Rc8 13. Re1 Re8 14. Nc3 Bf8 15. Bf1
a6 16. Nd2 Rc7 17. a4 d5 18. c5 bxc5 19. bxc5 e5 20. dxe5 Nxe5 21. Nb5 axb5 22.
Bxe5 Rce7 23. Bxf6 Rxe1 24. Bxd8 Rxd1 25. Rxd1 Rxd8 26. Bxb5 Bxc5 27. Nb3 Ba7
28. Na5 Ba8 29. Nc6 Bxc6 30. Bxc6 d4 31. Bb5 Rc8 32. Bd3 Kf8 33. a5 Rc3 34. Kf1
Ke7 35. a6 Kd6 36. Ke2 Rb3 37. Rd2 g6 38. h4 Rb4 39. h5 gxh5 40. Bxh7 Rb8 41.
Bd3 h4 42. Kf3 Rh8 43. Kg4 Rg8+ 44. Kh3 f6 45. Rb2 Rg7 46. Rb5 Rc7 47. Rf5 Ke6
48. Kxh4 Rc3 49. Rf3 Kf7 50. Kg4 Rc5 51. Rh3 Rg5+ 52. Kf3 Rg7 53. Rh7 Rxh7 54.
Bxh7 Ke6 55. Bd3 f5 56. Kg3 Kf6 57. f4 Bb8 58. Kf3 1-0